Music Quiz

Random Music or Song Quiz
Score 0/100 Timer 10:00
5 Plays Today
Song Artist % Correct
Let It BeThe Beatles
96.2%
The Long and Winding Road/
For You Blue
The Beatles
96.2%
Bridge Over Troubled WaterSimon and Garfunkel
94.8%
CeciliaSimon and Garfunkel
94.7%
I'll Be ThereThe Jackson 5
92.4%
ABCThe Jackson 5
92.4%
The Love You Save/I Found That GirlThe Jackson 5
92.4%
I Want You BackThe Jackson 5
92.4%
(They Long to Be) Close to YouThe Carpenters
79%
We've Only Just BegunThe Carpenters
79%
Lookin' Out My Back Door/Long As I Can See the LightCreedence Clearwater Revival
77.8%
Up Around the Bend/Run Through the JungleCreedence Clearwater Revival
77.8%
Travelin' Band/Who'll Stop the RainCreedence Clearwater Revival
77.8%
Cracklin' RosieNeil Diamond
72.9%
LolaThe Kinks
72.8%
Instant Karma! (We All Shine On)John Lennon
72.2%
American Woman/
No Sugar Tonight
The Guess Who
70.5%
No TimeThe Guess Who
70.5%
Make Me SmileChicago
70.4%
25 or 6 to 4Chicago
70.4%
Fire and RainJames Taylor
70.1%
Signed, Sealed, Delivered I'm YoursStevie Wonder
69.9%
Ain't No Mountain High EnoughDiana Ross
65.3%
Indiana Wants MeR. Dean Taylor
65.1%
Spill the WineEric Burdon & War
61.5%
Mama Told Me Not to ComeThree Dog Night
60.4%
Ball of Confusion (That's What the World is Today)The Temptations
59.6%
Psychedelic ShackThe Temptations
59.6%
Raindrops Keep Fallin' on My HeadBJ Thomas
58.7%
I Just Can't Help BelievingBJ Thomas
58.7%
Thank You (Falettinme Be Mice Elf Agin)/
Everybody is a Star
Sly & The Family Stone
57.1%
Spirit in the SkyNorman Greenbaum
56%
Evil WaysSantana
52.6%
WarEdwin Starr
51.6%
Song Artist % Correct
All Right NowFree
49.8%
Make It With YouBread
48.6%
The Thrill is GoneBB King
47.5%
He Ain't Heavy, He's My BrotherThe Hollies
47.4%
SnowbirdAnne Murray
45.4%
WoodstockCrosby, Stills, Nash & Young
44.5%
Up the Ladder to the RoofThe Supremes
43.7%
In the SummertimeMungo Jerry
42.7%
The Wonder of You/Mama Liked the RosesElvis Presley
41.2%
Mississippi QueenMountain
39.2%
Everything is BeautifulRay Stevens
38.2%
CandidaDawn
38.1%
Still Water (Love)The Four Tops
37.7%
I'll Never Fall in Love AgainDionne Warwick
37.6%
Band of GoldFreda Payne
36.1%
Call MeAretha Franklin
31.5%
VenusShocking Blue
29.7%
The LetterJoe Cocker
29.4%
Without Love (There is Nothing)Tom Jones
28.6%
I Want to Take You HigherIke & Tina Turner
28.1%
Lay Down (Candles in the Rain)Melanie & The Edwin Hawkins Singers
26.9%
Love Grows (Where My Rosemary Goes)Edison Lighthouse
26.2%
Julie (Do Ya Love Me)Bobby Sherman
25.7%
Easy Come, Easy GoBobby Sherman
25.7%
Come and Get ItBadfinger
25.5%
Get ReadyRare Earth
24.4%
(I Know) I'm Losing YouRare Earth
24.4%
Green-Eyed LadySugarloaf
23.1%
Something's BurningKenny Rogers & The First Edition
22.1%
It's a ShameThe Spinners
21.2%
PatchesClarence Carter
20%
Hitchin' a RideVanity Fare
19.9%
Rainy Night in GeorgiaBrook Benton
19.3%
VehicleThe Ides of March
19.3%
Song Artist % Correct
It's Only Make BelieveGlen Campbell
17.3%
Ride Captain RideBlues Image
17.2%
O-o-h Child/Dear PrudenceFive Stairsteps
17.1%
The RapperThe Jaggerz
16.7%
Didn't I (Blow Your Mind This Time)The Delfonics
16.5%
ArizonaMark Lindsay
16.1%
Turn Back the Hands of TimeTyrone Davis
15.5%
Give Me Just a Little More TimeChairmen of the Board
14.6%
Which Way You Goin' Billy?The Poppy Family
12.9%
The House of the Rising SunFrijid Pink
12.6%
Reflections of My LifeMarmalade
12%
United We StandThe Brotherhood of Man
12%
Hey There Lonely GirlEddie Holman
11.7%
Yellow RiverChristie
11.5%
Walk a Mile in My ShoesJoe South
10.8%
Ma Belle AmieTee Set
10.2%
Look What They've Done to My Song MaThe New Seekers
10.1%
My Baby Loves Lovin'White Plains
9.1%
Tighter, TighterAlive N Kickin'
8.8%
Gimme Dat DingThe Pipkins
8.4%
Love LandCharles Wright & The Watts 103rd Street Rhythm Band
8.2%
Express YourselfCharles Wright & The Watts 103rd Street Rhythm Band
8.2%
Love or Let Me Be LonelyThe Friends of Distinction
7.7%
Love on a Two-Way StreetThe Moments
7.4%
For the Love of HimBobbi Martin
7.2%
Groovy SituationGene Chandler
6.8%
Are You Ready?Pacific Gas and Electric
6.5%
Come Saturday MorningThe Sandpipers
6.5%
(If You Let Me Make Love to You) Why Can't I Touch You?Ronnie Dyson
5.5%
Lay a Little Lovin' on MeRobin McNamara
5.2%
The BellsThe Originals
4.3%
Somebody's Been Sleeping100 Proof (Aged in Soul)
4.3%

You're not logged in!

Compare scores with friends on all Sporcle quizzes.
OR
Log In

Sporcle TV

Today on Sporcle TV


Watch our educational content, quiz creation guides, and fun videos on Sporcle TV.

Show Comments

Extras

Top Quizzes Today


Score Distribution

Your Account Isn't Verified!

In order to create a playlist on Sporcle, you need to verify the email address you used during registration. Go to your Sporcle Settings to finish the process.

Report this User

Report this user for behavior that violates our Community Guidelines.

Details: